000 00255nam a22000977a 4500
008 221103b |||||||| |||| 00| 0 eng d
020 _a978886292244
100 _aGanguli Aurijit
_97610
245 _aThe Mystery Mountains
260 _aIndia
_bNotion Press
_c2022
999 _c12119
_d12119